Sports Quiz

Random Sports Quiz

Tour de France: Best Australian Rider Quiz Stats

 Plays Quiz not verified by Sporcle

Challenge
Share
Tweet
Embed
Score 0/56 Timer 06:00
0 Plays Today
Year Name % Correct
'03-'13no Australian riders
100%
'19-'27no Australian riders
100%
1929no Australian riders
100%
1930no Australian riders
100%
'32-'51no Australian riders
100%
19522 Australian riders who DNF
100%
1953no Australian riders
100%
1954no Australian riders
100%
'56-'66no Australian riders
100%
19671 Australian rider who DNF
100%
'68-'73no Australian riders
100%
'76-'80no Australian riders
100%
2005Cadel Evans
98.8%
2006Cadel Evans
98.8%
2007Cadel Evans
98.8%
2008Cadel Evans
98.8%
2009Cadel Evans
98.8%
2010Cadel Evans
98.8%
2011Cadel Evans
98.8%
2012Cadel Evans
98.8%
2014Richie Porte
84.5%
2016Richie Porte
84.5%
1998Stuart O'Grady
64.7%
1999Stuart O'Grady
64.7%
2001Stuart O'Grady
64.7%
2002Stuart O'Grady
64.7%
2000Robbie McEwen
64%
1981Phil Anderson
57%
Year Name % Correct
1982Phil Anderson
57%
1983Phil Anderson
57%
1984Phil Anderson
57%
1985Phil Anderson
57%
1986Phil Anderson
57%
1987Phil Anderson
57%
1989Phil Anderson
57%
1991Phil Anderson
57%
1993Phil Anderson
57%
2017Michael Matthews
53.3%
2003Michael Rogers
48.1%
2004Michael Rogers
48.1%
2013Michael Rogers
48.1%
2015Michael Rogers
48.1%
2018Simon Clarke
34.9%
1992Neil Stephens
29.8%
1994Neil Stephens
29.8%
1995Neil Stephens
29.8%
1997Neil Stephens
29.8%
1996Patrick Jonker
22.1%
1988Michael Wilson
15.5%
1990Stephen Hodge
14%
1928Hubert Opperman
8.5%
1931Hubert Opperman
8.5%
1974Donald Allan
5.4%
1975Donald Allan
5.4%
1955Russell Mockridge
3.1%
1914Don Kirkham
2.7%

You're not logged in!

Compare scores with friends on all Sporcle quizzes.
OR
Log In

You Might Also Like...

Show Comments

Extras

Top Quizzes Today


Score Distribution

Your Account Isn't Verified!

In order to create a playlist on Sporcle, you need to verify the email address you used during registration. Go to your Sporcle Settings to finish the process.

Report this User

Report this user for behavior that violates our Community Guidelines.

Details: